MDQL
is popping MORE tags! Check the
thread
!
Quizzes
Events
Quiz Creation
Community
Videos
Private Events
Remove Ads
Sign In
Join for FREE
Feedback
Dark Mode
Quiz Categories
Sports
Geography
Music
Movies
Television
Just For Fun
Miscellaneous
History
Literature
Language
Science
Gaming
Entertainment
Religion
Holiday
For Kids
Quiz Lab
Recent
Popular Today
Quiz Kudos Today
Editor Picks
Curator Picks
Quizzes by...
Day
Popularity
Type
Ratings
Length
Year
Community
Subscriptions
Recent Discussions
Orange Saloon
Badges
Playlists
Quests
Create
Leaderboards
Showdown
Live 5
Trivia Bingo
Activity
Puzzle Library
Sporcle Events
Private Events
Virtual Trivia
Globe League
Become a Host
Pub Owners
SporcleCon
Opinionation
Our Games
Videos
Blog
Mobile Apps
Partnerships
Remove Ads and Go Orange
Feedback
Sports
Athletes
MLB
NBA
NHL
NFL
Soccer
Sports Teams
WWE
NCAA
Football
Premier League
Basketball
Baseball
Hockey
Golf
Tennis
Cricket
Rugby
Auto Racing
Olympics
World Cup
Sports
Athletes
MLB
NBA
NHL
NFL
Soccer
Sports Teams
WWE
NCAA
Football
Premier League
Basketball
Baseball
Hockey
Golf
Tennis
Cricket
Rugby
Auto Racing
Olympics
World Cup
Random Quiz
Search Sporcle
×
Quiz Lab
Quiz Lab
Sports
State
Type in answers that appear in a list
Type in answers that appear in a list
Classic
Best Score? Go Orange.
Ohio State Quarterbacks Stats
Can you name the primary Ohio State quarterbacks (since 1960)?
By
mrharp
5m
53 Questions
2,014 Plays
2,014 Plays
2,014 Plays
Comments
Comments
Give Quiz Kudos
Give Quiz Kudos
-
- Ratings
hide this ad
Replay
Link that replays current quiz
Next Quiz
Link to next quiz in quiz playlist
You Got
0%
They Got
Avg Score
34%
Avg Friend Score
Upgrade to see
Score Distribution
Jump to the score distribution portion of the page
Score
0/53
Timer
05:00
0
Plays Today
Year
Quarterback
% Correct
2004
Justin Zwick & Troy Smith
90.6%
2005
Troy Smith
90.4%
2006
Troy Smith
90.4%
2008
Terrelle Pryor
84.4%
2011
Braxton Miller
80.4%
2012
Braxton Miller
80.4%
2010
Terrelle Pryor
77.8%
2002
Craig Krenzel
70.6%
2003
Craig Krenzel
70.6%
2009
Terrelle Pryor
67.5%
1998
Joe Germaine
56.5%
1992
Kirk Herbstreit
54.1%
2007
Todd Boeckman
47.4%
1993
Bobby Hoying
47.2%
1994
Bobby Hoying
47.2%
1995
Bobby Hoying
47.2%
1996
Stanley Jackson
44.8%
1997
Stanley Jackson
44.8%
1999
Steve Bellisari
40.8%
2000
Steve Bellisari
40.8%
2001
Steve Bellisari
40.8%
1969
Rex Kern
38.8%
1968
Rex Kern
38.8%
1970
Rex Kern
38.8%
1978
Art Schlichter
38.2%
1979
Art Schlichter
38.2%
1980
Art Schlichter
38.2%
Year
Quarterback
% Correct
1981
Art Schlichter
38.2%
1973
Cornelius Greene
32.1%
1974
Cornelius Greene
32.1%
1975
Cornelius Greene
32.1%
1982
Mike Tomczak
27.2%
1983
Mike Tomczak
27.2%
1984
Mike Tomczak
27.2%
1987
Tom Tupa
27.1%
1991
Kent Graham
21.3%
1988
Greg Frey
21.1%
1990
Greg Frey
21.1%
1989
Greg Frey
21.1%
1985
Jim Karsatos
18%
1986
Jim Karsatos
18%
1976
Rod Gerald
9.4%
1977
Rod Gerald
9.4%
1960
Tom Matte
6.4%
1972
Greg Hare
4.6%
1966
Bill Long
4.4%
1967
Bill Long
4.4%
1964
Don Unverferth
3.6%
1963
Don Unverferth
3.6%
1965
Don Unverferth
3.6%
1962
Bill Mrukowski
2.9%
1971
Don Lamka
2.8%
1961
John Mummey
2.7%
Quiz Playlist
Details
Report
Send in Message
Add To Playlist
Classic:
Type in answers that appear in a list
Quiz Source
Last Updated: Feb 16, 2017
Quiz Scoreboard
CHALLENGE
Sign Up to Join the Scoreboard
Show All
Scores
Hide
Comments
May contain spoilers
Recently Published
Street Fighter Characters
by Artimus82
Gaming
60s
9x9 Crossword: Cartoon Network
by jackfrog10
Miscellaneous
3m
College Basketball Coaching Resumes
by pancakes188
Sports
9m
More to Explore
Quiz From the Vault
Featured Blog Post
Where Did the Easter Bunny Come From?
hide this ad
You Might Also Like...
Tags
State Quiz
1960
ohio
Ohio State
Primary
Quarterbacks
Today's Top Quizzes in Sports
Browse Sports
hide this ad
Today's Top Quizzes in State
Browse State
Top Contributed Quizzes in Sports
1
2022 World Cup Stars
2
Les meilleurs buteurs des matchs entre le PSG et l’OM
3
FIFA Club World Cup Champions
4
Les entraîneurs de l'OM et du PSG au 21e siècle
5
Criteria MLB: Left Handed Sluggers
6
2023 MLB Unique Player Accomplishments
7
AFC Teams Reveal (Wrong Answers Minefield)
8
5-to-1: FBS Animal Nicknames
9
Players with Multiple 50 Home Run Seasons
10
5-to-1: UK Sports Teams
Explore More
Trending Topics
Harry Potter
NBA
Anime
Crossword
Marvel
Kpop
Disney
Pokémon
Song
The Office
Soccer
Puzzle
Country
WWE
NFL
hide this ad
More By:
mrharp
Quiz
Plays
Rating
Category
Featured
Created
Ohio State Quarterbacks
2,014
3.67
Sports
Oct 2, 2009
All-Time NL Cities
1,627
4.13
Sports
Oct 1, 2009
All-Time AL Cities
996
4.06
Sports
Oct 2, 2009
Horse of the Year
640
4.50
Sports
Nov 5, 2010
Breeders' Cup Classic
558
4.33
Sports
Sep 22, 2009
Go to Creator's Profile
Score Distribution
Quiz Creator Spotlight
mrharp
Follow
Send a Message
Quizzes Created
-
Created Quiz Play Count
-
More By This Creator
Popular Quizzes Today
1
Find the US States - No Outlines Minefield
2
Find the Countries of Europe - No Outlines Minefield
3
The Countries of the World
4
Find the US States
5
Risky Map Clicking: Biggest States A-Z
6
US States
7
Popular People in 1961
8
Movies - When Are They Set?
More Sports Quizzes
'Quick Pick: Carlos Beltrán Teams by Logo
Quiz Lab
Trending Quizzes
Risky Map Clicking: Least Populous States A-Z
Countries of the World: 200 Million BC
1-10 Letter G Words
Risky Map Clicking: Next State Alphabetically
Adjectives in 80s TV Shows
Recently Updated
Leaping Animals
pecheneg
Reality TV Shows (A-Z)
bhenderson79
Rickey Henderson's Hall of Fame Teammates
pecheneg
Champions League XIs: Arsenal
pecheneg
Quick Pick: Celebrities in WWE's Hall of Fame
aduchscher
A-Z Keypad Blitz II
pecheneg
Multiple Oscar Actors
pecheneg
Mystery Phrase Blitz: Oscar 'Best Actors'
pecheneg
F. Scott Fitzgerald Novels
LTH
Pick 3 Villains
ddd62291
Trending Topics
Kpop
Crossword
Anime
NBA
Harry Potter
Marvel
Disney
Song
Pokémon
Country
WWE
Puzzle
The Office
NFL
Soccer
Your Account Isn't Verified!
In order to create a playlist on Sporcle, you need to verify the email address you used during registration. Go to your
Sporcle Settings
to finish the process.
Report this User
Report this user for behavior that violates our
Community Guidelines
.
Details:
Send Report
Go to the Sporcle.com Mobile Site →
Comments